[Event "Olympiad-32"]
[Site "Yerevan"]
[Date "1996.09.30"]
[Round "13.1"]
[White "Yurtaev, Leonid"]
[Black "Magomedov, Magaram"]
[Result "0-1"]
[WhiteElo "2515"]
[BlackElo "2460"]
[Annotator "Chekhov,V"]
[PlyCount "66"]
[EventDate "1996.09.15"]
[EventType "team-swiss"]
[EventRounds "14"]
[EventCountry "ARM"]
[SourceTitle "CBM 055"]
[Source "ChessBase"]
[SourceDate "1996.12.01"]
[SourceVersion "1"]
[SourceVersionDate "1996.12.01"]
[SourceQuality "1"]
[WhiteTeam "Kyrgyzstan"]
[BlackTeam "Tajikistan"]
[WhiteTeamCountry "KGZ"]
[BlackTeamCountry "TJK"]

1. e4 e5 2. Nf3 Nc6 3. Bb5 a6 4. Ba4 Nf6 5. O-O Nxe4 6. d4 b5 7. Bb3 d5 8. dxe5
Be6 9. c3 Bc5 10. Qd3 O-O 11. Nbd2 f5 12. exf6 Nxf6 13. Re1 $5 {N/} (13. a4 Rb8
14. axb5 axb5 15. Ra6 (15. Ng5 Ne5 16. Qg3 Qd6 17. Bc2 Bd7 18. Nb3 Bb6 19. Bf4
Rbe8 20. Nd4 Nh5 21. Bxe5 Rxe5 22. Bxh7+ Kh8 23. Qh4 g6 24. f4 Rxg5 $1 25. Qxg5
Kxh7 $15 {Sokolov,A-Timman,J/Reykjavik/1988/0|1/48/}) 15... Qd7 16. Ng5 Ne5 (
16... Bf5 17. Nde4 Bb6 18. Nxf6+ Rxf6 19. Qxd5+ Qxd5 20. Bxd5+ Kf8 21. Ne4 $16
{Ivanchuk,V-Kamsky,G/Monaco/1995/0,5/90/}) 17. Qe2 Bd6 18. Nde4 Nxe4 19. Nxe6
Nxc3 20. bxc3 Qxe6 21. Qe4 dxe4 22. Bxe6+ Kh8 23. Be3 b4 $10 {Molnar,B-Sandor,
C/Budapest/1996/0,5/53/}) (13. Ng5 Ne5 14. Qg3 Qd6 15. Bc2 Bd7 16. Nb3 Bb6 $132
) 13... Qd7 14. Nf1 (14. Ng5 $5 Bxf2+ (14... Bf5 15. Nde4 Bxf2+ (15... Nxe4 16.
Qxd5+ Qxd5 17. Bxd5+ Kh8 18. Bxe4 Bxe4 19. Nxe4 $16) 16. Kxf2 Bxe4 17. Nxe4
Nxe4+ 18. Kg1 Nf6 19. Bg5 Rad8 20. Rad1 Kh8 21. Bxf6 Rxf6 22. Qxd5 Rd6 23. Qg5
$14) (14... Rae8 $5) 15. Kxf2 Ne4+ 16. Kg1 Nxg5 17. Rxe6 Nxe6 18. Qxd5 Qxd5 19.
Bxd5 Kh8 20. Bxc6 Rad8 21. b3 (21. Nf1 $1 Rd1 22. Bf3 Re1 23. Kf2 $16) 21...
Nf4 22. Ba3 Rf6 23. Be7 Rxd2 24. Bxf6 gxf6 25. Kf1 Nd3 $132) 14... Kh8 15. Be3
Bf5 16. Qd2 Bd6 17. Nd4 Na5 $5 (17... Ne5 18. Nxf5 Qxf5 19. Bxd5 Rad8 20. Ng3
Qg6 21. Bb3 Neg4 22. Bc2 Qf7 23. Qe2 $16) (17... Nxd4 18. Bxd4 c6 19. Ng3 Bg6
20. f3 $14) 18. Nxf5 Qxf5 19. Bc2 Qh5 20. b3 (20. Ng3 $6 Bxg3 21. fxg3 (21.
hxg3 Nc4 22. Qd3 Ng4 $40) 21... Nc4 22. Qd3 Ng4 $19) 20... Nc6 21. f3 $6 (21.
Ng3 $5 Bxg3 22. fxg3 Ng4 23. h3 Nxe3 24. Rxe3 $14) 21... b4 $1 22. a3 $6 (22.
Bd4 $5 bxc3 23. Qxc3 (23. Bxc3 d4 24. Bb2 Bb4 $19) 23... Nxd4 24. Qxd4 c5 $15)
(22. Red1 bxc3 23. Qxc3 d4 24. Qxc6 dxe3 $36) 22... d4 (22... bxa3 23. b4 a5
24. b5 Ne5 $17) 23. cxd4 bxa3 24. Ng3 Qb5 25. Rec1 Bb4 26. Qd3 Rad8 $17 27. Ne2
Rde8 (27... Rfe8 $5) 28. Qxb5 axb5 29. Bd1 (29. Kf2 $4 Ng4+ $19) 29... Rxe3 30.
Rxc6 Nd5 31. Kf2 Rd3 (31... Rfe8 $5) 32. Re6 Rd2 33. Kg3 (33. Re5 Nc3 $19) (33.
Kf1 Nc3 $19) 33... Nc3 (33... Nc3 34. Nxc3 Bxc3 35. Rxa3 Rxd1 $19) 0-1

[Event "Interzonal-15"]
[Site "Manila"]
[Date "1990.??.??"]
[Round "10"]
[White "Popovic, Petar"]
[Black "Marin, Mihail"]
[Result "1/2-1/2"]
[WhiteElo "2520"]
[BlackElo "2485"]
[Annotator "ChessBase"]
[PlyCount "49"]
[EventDate "1990.06.29"]
[EventType "swiss"]
[EventRounds "13"]
[EventCountry "PHI"]
[SourceTitle "CBM 019"]
[Source "ChessBase"]
[SourceDate "1990.12.01"]
[SourceVersion "1"]
[SourceVersionDate "1990.12.01"]
[SourceQuality "1"]

1. e4 e5 2. Nf3 Nc6 3. Bb5 a6 4. Ba4 Nf6 5. O-O Nxe4 6. d4 b5 7. Bb3 d5 8. dxe5
Be6 9. Nbd2 Nc5 10. c3 Be7 11. Bc2 Bg4 12. Re1 Qd7 13. Nb3 Ne6 14. h3 Bh5 15.
Bf5 Ncd8 16. Be3 O-O $5 (16... Nb7) (16... a5) 17. Qe2 a5 18. Rad1 Bg6 19. g4
a4 20. Nbd4 c6 21. Qc2 $2 (21. Qd3 $142 $14 {Marin,M}) 21... c5 22. Ne2 Qb7 23.
Kg2 Nc6 24. h4 Rad8 25. h5 1/2-1/2

[Event "Candidates m2"]
[Site "Saint John"]
[Date "1988.??.??"]
[Round "1"]
[White "Hjartarson, Johann"]
[Black "Kortschnoj, Viktor Lvovich"]
[Result "1-0"]
[WhiteElo "2590"]
[BlackElo "2640"]
[Annotator "ChessBase"]
[PlyCount "87"]
[EventDate "1988.01.24"]
[EventType "match"]
[EventRounds "8"]
[EventCountry "CAN"]
[SourceTitle "Candidates"]
[Source "ChessBase"]
[SourceDate "1999.07.01"]
[SourceVersion "2"]
[SourceVersionDate "1999.07.01"]
[SourceQuality "1"]

1. e4 e5 2. Nf3 Nc6 3. Bb5 a6 4. Ba4 Nf6 5. O-O Nxe4 6. d4 b5 7. Bb3 d5 8. dxe5
Be6 9. c3 Be7 10. Nbd2 Nc5 11. Bc2 Bg4 12. Re1 Qd7 13. Nf1 Rd8 14. Ne3 Bh5 15.
b4 $1 Ne6 (15... Ne4 $2 16. Nxd5 $18) 16. Nf5 d4 $6 (16... O-O $142 17. a4 (17.
Nxe7+ Qxe7 $1 (17... Nxe7 $2 18. Bxh7+ $1 $16) 18. Qe2 f6 $1 $10) 17... Rfe8
18. axb5 axb5 19. Qd3 Bg6 20. Rd1 Bf8 {Balashov,Y-Portisch,L/Moscow/1981/1/2-1/
2/26/}) 17. Be4 $1 Bg6 (17... d3 $2 18. Re3 Bxf3 (18... Nxe5 19. Nxe5 Bxd1 20.
Nxd7 Kxd7 21. Rxd3+ Ke8 22. Nxg7+ Nxg7 23. Bh6 $18) 19. Bxf3 $16) (17... g6 $5
18. Nh6 $1 $16) 18. g4 $1 h5 19. h3 Kf8 20. a4 $1 hxg4 21. hxg4 Qe8 22. axb5
axb5 (22... dxc3 23. Bxc6 $18) 23. Ra6 $1 $18 Nb8 (23... dxc3 24. Bxc6 Rxd1 25.
Rxd1 {/\ Ra8+-}) 24. Rxe6 fxe6 25. Nxe7 Bxe4 26. Rxe4 dxc3 27. Ng6+ Kg8 28. Rd4
Rxd4 29. Qxd4 Rh3 30. Ng5 Rh6 31. Nf4 Nc6 $2 32. Qxc3 $18 Qd8 33. Nf3 Nxb4 34.
Bd2 Qa8 35. Kg2 Nc6 36. g5 b4 37. Qc5 Rh7 38. Nxe6 g6 39. Qd5 Kh8 40. Ned4 Qc8
41. e6 Nxd4 42. Nxd4 c5 43. Bf4 Ra7 44. Nc6 1-0

[Event "URS-ch50 Final"]
[Site "Moscow"]
[Date "1983.04.05"]
[Round "3"]
[White "Karpov, Anatoly"]
[Black "Jussupow, Artur"]
[Result "1-0"]
[WhiteElo "2710"]
[BlackElo "2565"]
[Annotator "ChessBase"]
[PlyCount "87"]
[EventDate "1983.04.03"]
[EventType "tourn"]
[EventRounds "17"]
[EventCountry "URS"]
[EventCategory "14"]
[SourceTitle "URS-ch"]
[Source "ChessBase"]
[SourceDate "1999.07.01"]
[SourceVersion "1"]
[SourceVersionDate "1999.07.01"]
[SourceQuality "1"]

1. e4 e5 2. Nf3 Nc6 3. Bb5 a6 4. Ba4 Nf6 5. O-O Nxe4 6. d4 b5 7. Bb3 d5 8. dxe5
Be6 9. c3 Bc5 10. Nbd2 O-O 11. Bc2 Bf5 12. Nb3 Bg6 13. Nfd4 Bxd4 14. cxd4 a5
15. Be3 a4 16. Nd2 a3 17. Nxe4 axb2 18. Rb1 Bxe4 19. Rxb2 Qd7 20. Bd3 (20. Bxe4
dxe4 21. Rxb5 Nxd4 22. Rb2 c5 $13) 20... Bxd3 21. Qxd3 Rfb8 22. Rfb1 (22. Rxb5
Rxb5 23. Qxb5 Nxe5 24. Qb7 Qc6 $11 25. Qxc6 Nxc6 26. Rc1 Ra6 $10) (22. f4 f5 (
22... Na5 $2 23. Bc1 Nc4 24. Re2 {/\ f5 +/-}) 23. exf6 gxf6 24. f5 b4 $13)
22... b4 23. h3 (23. a3 bxa3 (23... Rxa3 $2 24. Qxa3 bxa3 25. Rxb8+ Nd8 26. Ra8
$18) 24. Rxb8+ Rxb8 (24... Nxb8 $2 25. Qxa3) 25. Rxb8+ Nxb8 26. Qxa3 $14 {
1/2-1/2 (28) Huebner,R (2620)-Kortschnoj,V (2645) Chicago 1982 MCL [ChessBase]}
) 23... h6 24. Rc1 Rb6 (24... Na5 25. Qb1 Nc4 26. Rxb4 Rxb4 27. Qxb4 $14 Qe8 (
27... Rxa2 $2 28. Qb8+ Kh7 29. Qb1+ $18) 28. Ra1) 25. Qb1 Rab8 (25... Ra7 26.
Rc5 Na5 27. Rxb4 Nc4 28. Rb3 Rab7 29. Kh2 c6 30. Ra5 Qc8 31. Ra4 Qb8 32. Rxb6
Rxb6 33. Qf5 Qb7 34. Bc1 Rb5 35. Qg4 Kh7 36. Ba3 Kg8 37. Bc5 Nd2 38. Ra7 Qb8
39. Qf4 f6 40. Qg4 Rb7 41. Rxb7 Qxb7 42. exf6 Ne4 43. Qxg7+ Qxg7 44. fxg7 {
1-0 (44) Popovic,P (2515)-Timman,J (2610) Sarajevo 1984}) 26. Rc5 $14 {/=} Nd8
27. Rcc2 Nc6 (27... Ne6 28. f4) 28. Qc1 R8b7 (28... Rc8 $11 29. Rc5 Nd8 30. Qd1
Nb7 31. Rc1 Na5 $11) 29. Rc5 $14 {/\Rb2-c2} Ne7 30. Kh2 Nf5 $2 (30... Rc6) (
30... Ra7) 31. Rbc2 $16 Rg6 32. Rxc7 Rxc7 33. Rxc7 Qb5 $2 {[#]} (33... Qe6) 34.
g4 Nh4 $2 (34... Nxe3 35. Rc8+ Kh7 36. Qxe3 Rc6 37. Rf8 $16) 35. Rc8+ $18 Kh7
36. Qd1 Qa6 37. Rc2 f5 38. Kg3 fxg4 39. Kxh4 gxh3 40. f4 Qe6 41. Qh5 Qe7+ 42.
Kxh3 Qf7 43. Rh2 Qd7+ 44. f5 1-0

[Event "RUS-ch"]
[Site "Elista"]
[Date "1995.??.??"]
[Round "5"]
[White "Tseshkovsky, Vitaly"]
[Black "Daniliuk, Sergey"]
[Result "1/2-1/2"]
[WhiteElo "2540"]
[BlackElo "2390"]
[Annotator "ChessBase"]
[PlyCount "142"]
[EventDate "1995.10.??"]
[EventType "swiss"]
[EventRounds "11"]
[EventCountry "RUS"]
[SourceTitle "CBM 050"]
[Source "ChessBase"]
[SourceDate "1996.02.01"]
[SourceVersion "1"]
[SourceVersionDate "1996.02.01"]
[SourceQuality "1"]

1. e4 e5 2. Nf3 Nc6 3. Bb5 a6 4. Ba4 Nf6 5. O-O Nxe4 6. d4 b5 7. Bb3 d5 8. dxe5
Be6 9. Nbd2 Nc5 10. c3 Be7 11. Bc2 Bg4 12. h3 Bh5 13. Re1 O-O 14. Nb3 Ne6 15.
Bf5 Qd7 16. Be3 Bxf3 17. Qxf3 Nxe5 18. Bxh7+ Kxh7 19. Qh5+ Kg8 20. Qxe5 Bf6 21.
Qg3 a5 22. Red1 Rfe8 23. Rac1 c6 24. Rc2 a4 25. Nc1 a3 26. b3 c5 27. Ne2 Qc6
28. Qf3 Rad8 29. Rcd2 Ng5 30. Bxg5 Bxg5 31. Rxd5 Rxd5 32. Rxd5 b4 33. cxb4 cxb4
34. Re5 Qd7 35. Rxg5 Qd1+ 36. Kh2 Qxe2 37. Qg3 g6 38. f4 Qe3 39. Qh4 Re4 40.
Rg4 Qd2 41. Qf6 Qd4 42. Qxd4 Rxd4 43. f5 Rd6 44. h4 Kh7 45. Rxb4 Rd2 46. Rb7
gxf5 47. Rxf7+ Kg6 48. Ra7 Rxa2 49. Ra6+ Kh5 50. Kg3 Ra1 51. Ra5 Kg6 52. Kh2 a2
53. g3 Kh6 54. b4 Rb1 55. Rxa2 Rxb4 56. Ra6+ Kg7 57. Kg2 Rc4 58. Kf3 Rb4 59.
Rd6 Ra4 60. Rd3 Rb4 61. Re3 Ra4 62. Re2 Rb4 63. Rf2 Kg6 64. Kg2 Ra4 65. Kh3 Rb4
66. Ra2 Rc4 67. Ra6+ Kg7 68. h5 Rg4 69. h6+ Kh7 70. Rf6 Rg6 71. Rxf5 Kxh6 (
71... Kxh6 72. g4 Ra6 73. Kh4 Rb6 74. g5+ Kg7 75. Kh5 Rb7 $10) 1/2-1/2

[Event "Chicago International"]
[Site "Chicago"]
[Date "1982.04.13"]
[Round "4"]
[White "Huebner, Robert"]
[Black "Kortschnoj, Viktor Lvovich"]
[Result "1/2-1/2"]
[WhiteElo "2620"]
[BlackElo "2645"]
[Annotator "ChessBase"]
[PlyCount "55"]
[EventDate "1982.04.09"]
[EventType "tourn"]
[EventRounds "10"]
[EventCountry "USA"]
[EventCategory "12"]
[SourceTitle "MCL"]
[Source "ChessBase"]
[SourceDate "1999.07.01"]
[SourceVersion "1"]
[SourceVersionDate "1999.07.01"]
[SourceQuality "1"]

1. e4 e5 2. Nf3 Nc6 3. Bb5 a6 4. Ba4 Nf6 5. O-O Nxe4 6. d4 b5 7. Bb3 d5 8. dxe5
Be6 9. c3 Bc5 10. Nbd2 O-O 11. Bc2 Bf5 12. Nb3 Bg6 13. Nfd4 Bxd4 14. cxd4 a5
15. Be3 a4 16. Nd2 a3 17. Nxe4 axb2 18. Rb1 Bxe4 19. Rxb2 Qd7 20. Bd3 (20. Bxe4
dxe4 21. Rxb5 Nxd4 22. Rb2 c5 $13) 20... Bxd3 21. Qxd3 Rfb8 22. Rfb1 (22. Rxb5
Rxb5 23. Qxb5 Nxe5 24. Qb7 Qc6 25. Qxc6 Nxc6 26. Rc1 Ra6 $10) (22. f4 f5 (22...
Na5 $2 23. Bc1 Nc4 24. Re2 {/\ f5 +/-}) 23. exf6 gxf6 24. f5 b4 $13) 22... b4
23. a3 bxa3 (23... Rxa3 $2 24. Qxa3 bxa3 25. Rxb8+ Nd8 26. Ra8 $18) 24. Rxb8+
Rxb8 (24... Nxb8 $2 25. Qxa3) 25. Rxb8+ Nxb8 26. Qxa3 $14 Qc6 27. Qe7 (27. g4
h6 28. f4 Nd7 29. f5 Nb6 30. Bf2 $14) 27... Qd7 28. Qa3 1/2-1/2

[Event "Rishon Le Ziyyon YM"]
[Site "Rishon Le Ziyyon"]
[Date "1995.??.??"]
[Round "11"]
[White "Shmuter, Leonid"]
[Black "Mikhalevski, Victor"]
[Result "1-0"]
[WhiteElo "2480"]
[BlackElo "2525"]
[Annotator "Ernst,T"]
[PlyCount "143"]
[EventDate "1995.02.??"]
[EventType "tourn"]
[EventRounds "11"]
[EventCountry "ISR"]
[EventCategory "11"]
[SourceTitle "CBM 046"]
[Source "ChessBase"]
[SourceDate "1995.06.01"]
[SourceVersion "1"]
[SourceVersionDate "1995.06.01"]
[SourceQuality "1"]

1. e4 e5 2. Nf3 Nc6 3. Bb5 a6 4. Ba4 Nf6 5. O-O Nxe4 6. d4 b5 7. Bb3 d5 8. dxe5
Be6 9. c3 Bc5 10. Nbd2 O-O 11. Bc2 Nxf2 12. Rxf2 f6 13. exf6 Bxf2+ 14. Kxf2
Qxf6 15. Nf1 Ne5 16. Be3 Rae8 17. Bc5 Nxf3 18. gxf3 Rf7 {[#]} 19. Kg1 $146 (19.
Kg2) (19. Ng3) 19... Qxf3 20. Qxf3 Rxf3 21. Re1 Kf7 22. Re2 Bh3 23. Rf2 Rf6 24.
Ne3 Re5 25. Rxf6+ gxf6 26. Kf2 $14 {[#]} Rg5 27. a4 Ke6 28. Bd3 c6 29. a5 f5 $2
{>< Bh3} (29... h5 $13) 30. Kf3 $1 {/\ 31.Kf4} Bg4+ 31. Kf4 Rh5 32. Nxg4 fxg4
33. Kxg4 Rxh2 34. Bf5+ Ke5 35. Bd4+ Kd6 36. b4 {[#]} h5+ 37. Kg5 Re2 38. Kh4
Rh2+ 39. Kg5 h4 (39... Re2) 40. Kg4 Rh1 41. Bc8 h3 42. Kg3 $1 (42. Bxa6 Kc7 (
42... h2 43. Kg3) 43. Be5+ Kd7 44. Bb7 h2 45. Kh3 $1 $16) 42... h2 43. Kg2 Re1
44. Kxh2 Re2+ 45. Kg3 Re8 46. Bf5 (46. Bxa6 $5 Kc7 47. Kf4 $16) 46... Re1 47.
Kf4 Re2 48. Bc5+ Kc7 49. Kg5 Re1 50. Kf6 Rc1 51. Bb6+ Kb7 52. Bd4 c5 $4 53.
bxc5 Re1 54. Bd7 Kc7 55. c6 Kd6 56. Bc5+ Kc7 57. Kf5 Re2 58. Kf4 Re4+ 59. Kf3
Rc4 60. Bd4 {/\ 61.Be5} Kd6 61. Ke3 Ke7 62. Kd3 Kd6 63. Be3 Ke7 64. Bd2 Kd6 65.
Be1 Ke7 66. Bg3 b4 67. cxb4 Rxb4 68. Bf5 Rb3+ 69. Kd4 Rb4+ 70. Ke5 Kd8 71. Kd6
Rc4 72. Bd7 1-0

[Event "Interpolis"]
[Site "Tilburg"]
[Date "1992.10.08"]
[Round "1.1"]
[White "Popovic, Petar"]
[Black "Ernst, Thomas"]
[Result "0-1"]
[WhiteElo "2535"]
[BlackElo "2570"]
[Annotator "Ernst,T"]
[PlyCount "125"]
[EventDate "1992.10.08"]
[EventType "k.o."]
[EventRounds "7"]
[EventCountry "NED"]
[SourceTitle "CBM 032"]
[Source "ChessBase"]
[SourceDate "1993.02.01"]
[SourceVersion "1"]
[SourceVersionDate "1993.02.01"]
[SourceQuality "1"]

1. e4 e5 2. Nf3 Nc6 3. Bb5 a6 4. Ba4 Nf6 5. O-O Nxe4 6. d4 b5 7. Bb3 d5 8. dxe5
Be6 9. c3 Bc5 10. Nbd2 O-O 11. Bc2 Bf5 12. Nb3 Bg6 13. Nfd4 Bxd4 14. Nxd4 Qd7
15. f4 (15. Nxc6 Qxc6 16. Be3 Rfe8 17. f4 $2 Nxc3 $1 18. bxc3 Qxc3 19. f5 Qxe3+
20. Kh1 Rxe5 21. fxg6 hxg6 $17 {Kortchnoi-Karl, Schweiz 1982.}) (15. a4 $6 Nxe5
16. f4 Nc6 17. Nxc6 Qxc6 18. f5 {J.Polgar-Hellers, Wijk aan Zee 1990.} Qc5+ $1
19. Qd4 Bh5 20. Bf4 Qc6 21. Bb3 Rfd8 $17) 15... Nxd4 16. cxd4 f5 $5 $14 (16...
f6 17. Be3 Rad8 18. Qe2 Kh8 19. Rac1 c6 20. Bd3 Rc8 21. Rc2 Bf5 22. Rfc1 $10 {
Klovan-Dorfman, UdSSR 1981.}) 17. Be3 Bf7 18. Rc1 Be6 19. Bd3 c6 20. Rc2 Rac8
21. b4 Ra8 22. Qc1 Rfc8 23. Qa3 Kh8 24. Rfc1 Qb7 25. Qa5 Kg8 26. h3 Kh8 27. Kh2
Kg8 28. Be2 Qd7 29. Bf3 (29. Qb6 Rab8 30. Qxa6 Ra8 31. Qb6 Rab8 $10) 29... Qe8
30. Qa3 Kh8 31. Bd2 Bd7 32. Be1 Qe6 33. Qe3 Rf8 34. g3 Rac8 35. Rg2 Qh6 36. Bd2
g5 $5 37. fxg5 f4 38. gxf4 (38. gxh6 $2 fxe3 39. Bxe3 Rxf3 $19) 38... Qxh3+ 39.
Kg1 Nxd2 40. Rxd2 Qg3+ 41. Rg2 Qxf4 42. Rc3 $1 Qxe3+ 43. Rxe3 Rf4 44. g6 $1 Be6
$5 (44... hxg6 45. Rxg6 Rg8 46. Rxg8+ Kxg8 47. Rd3 Bf5 48. Rc3 Bd7 49. Rd3 $10)
45. gxh7 (45. Rh2 Rc7 46. Ra3 Rg7 47. Rxh7+ Rxh7 48. gxh7 Bg4 49. Bg2 $14 Rxd4
50. Rxa6) 45... Rxd4 46. Bh5 Rxb4 47. Rf3 Rh4 48. Bg6 d4 49. Rf6 Bd5 50. Rg3
Be4 51. Bf7 Rxh7 52. e6 $1 $44 Bd5 53. Bg6 Rh1+ 54. Kf2 Bxe6 55. Rxe6 c5 56.
Kg2 Rh6 57. Rxa6 c4 58. Rd6 d3 59. Rd7 Ra8 60. a3 Rh4 61. Bxd3 cxd3 62. Rgxd3
Rf8 63. R3d5 {Time} 0-1

[Event "Budapest zt-B"]
[Site "Budapest"]
[Date "1993.??.??"]
[Round "1"]
[White "Haba, Petr"]
[Black "Marin, Mihail"]
[Result "1/2-1/2"]
[WhiteElo "2485"]
[BlackElo "2515"]
[Annotator "Ernst,T"]
[PlyCount "61"]
[EventDate "1993.03.??"]
[EventType "tourn"]
[EventRounds "11"]
[EventCountry "HUN"]
[EventCategory "9"]
[SourceTitle "CBM 034"]
[Source "ChessBase"]
[SourceDate "1993.06.01"]
[SourceVersion "1"]
[SourceVersionDate "1993.06.01"]
[SourceQuality "1"]

1. e4 e5 2. Nf3 Nc6 3. Bb5 a6 4. Ba4 Nf6 5. O-O Nxe4 6. d4 b5 7. Bb3 d5 8. dxe5
Be6 9. Nbd2 Nc5 10. c3 Be7 11. Bc2 Bg4 12. Re1 Qd7 13. Nf1 $1 Rd8 14. Ne3 Bh5
15. b4 (15. Nf5 Ne6 16. a4 $6 b4 17. a5 Na7 18. Qd3 Nb5 $15 {Woda,J- Hracek,Z,
Poznan 1987}) 15... Ne6 16. g4 (16. Nf5 O-O 17. a4 Rfe8 (17... Bg6 18. axb5
axb5 19. Qe2 Kh8 20. Kh1 Rb8 21. Rd1 $14 {Ernst-Collett, Limhamn 1991.}) 18.
axb5 axb5 19. Qd3 Bg6 20. Qxb5 $1 (20. Rd1 Bf8 21. Be3 Ra8 22. h3 Rxa1 23. Rxa1
d4 $10 {Balashov,Y- Portisch,L, Moskva 1981, 31(390).}) 20... Nxe5 21. Qxd7
Nxd7 22. Nxe7+ Rxe7 23. Bxg6 (23. Bb3 $6 Be4 24. Nd4 Nxd4 25. cxd4 Re6 $10 {
Horvath,C- Kuczynski,R, Dresden 1988.}) 23... hxg6 24. Nd4 $1 $14 {Rodriguez,
Am- Marin,M, Novi Sad (ol) 1990, 50/370.}) (16. Nf5 d4 $6 17. Be4 $1 Bg6 18. g4
h5 19. h3 Kf8 20. a4 hxg4 21. hxg4 Qe8 22. axb5 axb5 23. Ra6 $1 $18 {
Hjartarsson,J- Kortchnoi,V, Saint John (m/1) 1988.}) (16. Nf5 Nxb4 $5 17. cxb4
Bxb4 18. Rf1 Bc3 19. Rb1 d4 20. Ba3 d3 21. Rb3 Bg4 22. Nxg7+ $1 Nxg7 23. Bb1
Bd4 24. Rxd3 Ne6 25. Qe1 Bxf3 26. Rxf3 c5 27. Kh1 b4 28. Bc1 $16 {Ivanchuk,V-
Chekhov,V, Frunze 1988.}) 16... Bg6 17. Nf5 O-O 18. a4 d4 $1 (18... Rfe8 19.
axb5 axb5 20. Bd3 Rb8 21. Qe2 Ncd8 22. Ra7 $1 $16 {Zagrebelny,S- Neverov,A,
Barnaul 1988, 46(436).}) 19. axb5 axb5 20. Be4 Rfe8 21. Qd3 Nb8 22. Bd2 (22.
N3xd4 $6 Nxd4 23. Qxd4 Bxf5 24. Bxf5 Qxd4 25. cxd4 Rxd4 $17) 22... c5 23. cxd4
Nxd4 24. N3xd4 Bxf5 25. Nxf5 Qxd3 26. Bxd3 Rxd3 27. Nxe7+ Rxe7 28. Ra8 Re8 29.
Bf4 Rd4 30. Bg3 Kf8 31. bxc5 1/2-1/2

[Event "ISL-FRA"]
[Site "Reykjavik"]
[Date "1993.??.??"]
[Round "6"]
[White "Apicella, Manuel"]
[Black "Hardarson, Robert"]
[Result "1-0"]
[WhiteElo "2495"]
[BlackElo "2335"]
[Annotator "Ernst,T"]
[PlyCount "69"]
[EventDate "1993.??.??"]
[EventType "schev"]
[EventRounds "10"]
[EventCountry "ISL"]
[SourceTitle "CBM 035"]
[Source "ChessBase"]
[SourceDate "1993.08.01"]
[SourceVersion "1"]
[SourceVersionDate "1993.08.01"]
[SourceQuality "1"]

1. e4 e5 2. Nf3 Nc6 3. Bb5 a6 4. Ba4 Nf6 5. O-O Nxe4 6. d4 b5 7. Bb3 d5 8. dxe5
Be6 9. c3 Bc5 10. Nbd2 O-O 11. Bc2 Nxf2 $5 (11... Bf5 12. Nb3 Bg6 $14) 12. Rxf2
f6 13. exf6 Bxf2+ (13... Qxf6 14. Qf1 $1 b4 15. Ba4 bxc3 16. Bxc6 cxd2 17. Bxd2
$16 {Husak,K-Ericson,A,corr-5 WCH 1965}) 14. Kxf2 Qxf6 15. Nf1 Ne5 (15... d4 $2
16. Kg1 Ne5 17. cxd4 Nxf3+ 18. gxf3 Rad8 19. Be3 c5 20. Qd3 g6 21. Nd2 $16 {
Short,N-Popovic,P,Belgrade 1987}) 16. Be3 Rae8 17. Bd4 (17. Bc5 Nxf3 (17... Rf7
18. N1d2 Bf5 19. Kg1 Nxf3+ 20. Nxf3 Be4 21. Bd3 {Fischer,W-Connors,PA,WTcorr
1991} Bxf3 22. gxf3 Qxf3 23. Qxf3 Rxf3 24. Rd1 $14) 18. gxf3 Rf7 19. Kg2 $1 (
19. Ng3 $10 {Ivanchuk,V-Yusupov,A,Linares 1990}) 19... h5 (19... Qg5+ 20. Kh1
d4 {Grünfeld,Y-Mikhalevsky,V,Israel ch 1991} 21. Bxd4 Bd5 22. Bb3 $14) (19...
Bf5 20. Bxf5 Qxf5 21. Ng3 Qg5 22. Qd3 h5 23. h4 $1 $16 {Ilincic,Z-Todorovic,MG,
Jug-ch,1990}) (19... Qh4 20. Ng3 Bh3+ (20... Rf6 21. Qd3 Rh6 22. Rh1 $16 {
Ernst,T-Bjarnasson,S,Limhamn 1991}) 21. Kg1 c6 22. a4 Qf4 23. axb5 axb5 24. Qd3
g6 25. Bd1 $16 {Polster,W-Winkelmann,H,CC-BdF-Meisterkl-Vorr J17 1987,Haese,
G-Pragua,C,CC-BDF 1987}) 20. Qd3 Qg5+ 21. Kh1 Bf5 22. Qxd5 c6 23. Qxc6 Bd7 24.
Qg6 $1 Qxc5 25. Bb3 Ree7 26. Ng3 Bc6 27. Ne4 $14 {Vojna,AV-Eriksen,OP,corr.1987
}) 17... Bg4 (17... Qh4+ 18. Kg1 Nxf3+ 19. gxf3 Qg5+ 20. Ng3 Bh3 21. a4 Re6 22.
axb5 axb5 $14 {Enders-Chehov,Dresden 1985}) 18. N1d2 Qh4+ (18... Qf4 $1 19. Kg1
Nxf3+ 20. Nxf3 Bxf3 21. gxf3 Qxf3 22. Qxf3 Rxf3 23. a4 Re2 24. Bb3 Rf5 $10 {
Berggren,AJ-Steinwender,W,IV EU Ch 1990}) 19. Kg1 Nxf3+ 20. gxf3 Bh3 21. Nf1
Qg5+ 22. Ng3 g6 23. Kh1 $16 h5 24. Qd3 Re6 25. Rg1 Kh7 26. Bc5 Rf7 27. Ne2 Qf5
28. Qxf5 Bxf5 29. Nd4 Bxc2 30. Nxe6 $18 Rf6 31. Ng5+ Kg8 32. Re1 Rf5 33. Re8+
Kg7 34. Bd4+ Kh6 35. h4 1-0